| 000 | 00537nam a22001817a 4500 | ||
|---|---|---|---|
| 003 | CEME | ||
| 005 | 20210628204050.0 | ||
| 008 | 210111b xxu||||| |||| 00| 0 eng d | ||
| 020 | _a0534621554 | ||
| 040 | _cceme | ||
| 082 | _a808.0427 HUD | ||
| 100 |
_aHudson, Suzanne , Leclair, Molly _968550 |
||
| 245 | _aThinking and writing in the humanities | ||
| 260 |
_aAUSTRALIA _bTHOMSON _c2004 |
||
| 300 | _aXII, 252P | ||
| 650 |
_aTHINKING AND WRITING.WRITING TECHNIQUES.THINKING AND WRITING IN THE HUMANITIES _968551 |
||
| 942 |
_cBK _2ddc |
||
| 999 |
_c576096 _d576096 |
||